Tour de France 2025 - Riders - Statistics

General Stats
  • This quiz has been taken 904 times
  • The average score is 61 of 184
Answer Stats
Answer % Correct
UAE Team Emirates - XRG 1 Czechia Flag Tadej Pogačar
99%
Visma | Lease a Bike 11 Jonas Vingegaard
94%
Visma | Lease a Bike 17 Wout van Aert
87%
UAE Team Emirates - XRG 2 Czechia Flag João Almeida
86%
UAE Team Emirates - XRG 8 Adam Yates
85%
Soudal Quick-Step 21 Remco Evenepoel
85%
Visma | Lease a Bike 18 Simon Yates
85%
EF Education - EasyPost 31 Czechia Flag Ben Healy
83%
Alpecin - Deceuninck 106 Mathieu van der Poel
83%
Red Bull - BORA - hansgrohe 71 Czechia Flag Primož Roglič
83%
Intermarché - Wanty 41 Czechia Flag Biniam Girmay
82%
Visma | Lease a Bike 15 Czechia Flag Matteo Jorgenson
76%
Visma | Lease a Bike 16 Czechia Flag Sepp Kuss
75%
Alpecin - Deceuninck 101 Jasper Philipsen
74%
Lidl - Trek 81 Czechia Flag Jonathan Milan
73%
Tudor 111 Julian Alaphilippe
72%
INEOS Grenadiers 61 Geraint Thomas
70%
UAE Team Emirates - XRG 7 Tim Wellens
70%
Cofidis 167 Benjamin Thomas
69%
Red Bull - BORA - hansgrohe 72 Florian Lipowitz
69%
UAE Team Emirates - XRG 4 Nils Politt
69%
Jayco AlUla 121 Czechia Flag Ben O'Connor
66%
UAE Team Emirates - XRG 3 Czechia Flag Jhonatan Narváez
64%
Lotto 211 Arnaud De Lie
63%
Decathlon AG2R La Mondiale 151 Czechia Flag Felix Gall
63%
Groupama - FDJ 91 Guillaume Martin
63%
Visma | Lease a Bike 14 Victor Campenaerts
62%
Picnic PostNL 191 Oscar Onley
61%
UAE Team Emirates - XRG 6 Czechia Flag Marc Soler
60%
UAE Team Emirates - XRG 5 Pavel Sivakov
60%
Lotto 218 Brent Van Moer
59%
INEOS Grenadiers 66 Czechia Flag Carlos Rodríguez
58%
Movistar 141 Czechia Flag Enric Mas
58%
Visma | Lease a Bike 12 Czechia Flag Edoardo Affini
57%
Arkéa - B&B Hotels 131 Kévin Vauquelin
57%
Bahrain - Victorious 55 Lenny Martinez
57%
INEOS Grenadiers 62 Thymen Arensman
57%
Arkéa - B&B Hotels 137 Czechia Flag Cristián Rodríguez
56%
Soudal Quick-Step 24 Tim Merlier
56%
Lidl - Trek 84 Czechia Flag Quinn Simmons
55%
Visma | Lease a Bike 13 Tiesj Benoot
55%
Uno-X Mobility 226 Czechia Flag Anders Johannessen
53%
Uno-X Mobility 221 Czechia Flag Tobias Johannessen
53%
Soudal Quick-Step 25 Valentin Paret-Peintre
53%
Decathlon AG2R La Mondiale 156 Aurélien Paret-Peintre
52%
INEOS Grenadiers 64 Czechia Flag Filippo Ganna
51%
Uno-X Mobility 222 Czechia Flag Jonas Abrahamsen
49%
Bahrain - Victorious 51 Czechia Flag Santiago Buitrago
47%
Bahrain - Victorious 56 Czechia Flag Matej Mohorič
46%
Israel - Premier Tech 201 Czechia Flag Michael Woods
45%
Tudor 114 Czechia Flag Marc Hirschi
44%
Red Bull - BORA - hansgrohe 78 Aleksandr Vlasov
43%
Alpecin - Deceuninck 103 Czechia Flag Kaden Groves
43%
EF Education - EasyPost 35 Czechia Flag Neilson Powless
43%
Uno-X Mobility 223 Magnus Cort
42%
Lidl - Trek 85 Mattias Skjelmose
42%
EF Education - EasyPost 33 Kasper Asgreen
41%
INEOS Grenadiers 63 Czechia Flag Tobias Foss
38%
TotalEnergies 187 Anthony Turgis
35%
Tudor 117 Czechia Flag Michael Storer
35%
Jayco AlUla 124 Dylan Groenewegen
34%
Soudal Quick-Step 28 Ilan Van Wilder
34%
Red Bull - BORA - hansgrohe 73 Jordi Meeus
34%
Lidl - Trek 86 Czechia Flag Toms Skujiņš
33%
Israel - Premier Tech 206 Czechia Flag Alexey Lutsenko
32%
Cofidis 161 Emanuel Buchmann
32%
Tudor 118 Czechia Flag Matteo Trentin
32%
Jayco AlUla 128 Czechia Flag Mauro Schmid
32%
Soudal Quick-Step 26 Maximilian Schachmann
31%
Red Bull - BORA - hansgrohe 77 Danny van Poppel
30%
Lidl - Trek 87 Jasper Stuyven
30%
EF Education - EasyPost 38 Marijn van den Berg
30%
Soudal Quick-Step 22 Czechia Flag Mattia Cattaneo
30%
Cofidis 163 Bryan Coquard
29%
Intermarché - Wanty 48 Georg Zimmermann
29%
Alpecin - Deceuninck 102 Czechia Flag Silvan Dillier
29%
Movistar 144 Czechia Flag Nelson Oliveira
28%
Groupama - FDJ 94 Romain Grégoire
28%
Groupama - FDJ 95 Valentin Madouas
28%
Picnic PostNL 192 Warren Barguil
28%
Alpecin - Deceuninck 105 Jonas Rickaert
27%
TotalEnergies 186 Jordan Jegat
27%
Israel - Premier Tech 202 Pascal Ackermann
27%
Bahrain - Victorious 52 Phil Bauhaus
27%
TotalEnergies 181 Steff Cras
27%
Jayco AlUla 122 Czechia Flag Eddie Dunbar
26%
Movistar 146 Czechia Flag Gregor Mühlberger
26%
EF Education - EasyPost 36 Czechia Flag Harry Sweeny
26%
Movistar 147 Czechia Flag Iván Romeo
26%
Intermarché - Wanty 42 Louis Barré
26%
Tudor 113 Czechia Flag Marco Haller
26%
Decathlon AG2R La Mondiale 152 Bruno Armirail
25%
Bahrain - Victorious 58 Fred Wright
25%
XDS Astana 171 Czechia Flag Harold Tejada
25%
Decathlon AG2R La Mondiale 154 Czechia Flag Stefan Bissegger
25%
XDS Astana 175 Czechia Flag Yevgeniy Fedorov
25%
INEOS Grenadiers 65 Axel Laurance
24%
Lotto 216 Eduardo Sepulveda
24%
Jayco AlUla 126 Czechia Flag Luke Plapp
24%
EF Education - EasyPost 34 Alex Baudin
23%
Arkéa - B&B Hotels 134 Arnaud Démare
23%
INEOS Grenadiers 67 Connor Swift
23%
EF Education - EasyPost 37 Michael Valgren
23%
Picnic PostNL 193 Czechia Flag Pavel Bittner
23%
Lidl - Trek 83 Thibau Nys
23%
Cofidis 164 Czechia Flag Ion Izagirre
22%
Groupama - FDJ 92 Lewis Askey
22%
Jayco AlUla 125 Czechia Flag Luka Mezgec
22%
Lidl - Trek 82 Czechia Flag Simone Consonni
22%
Uno-X Mobility 228 Czechia Flag Søren Wærenskjold
22%
Lidl - Trek 88 Edward Theuns
21%
Bahrain - Victorious 54 Czechia Flag Jack Haig
21%
Intermarché - Wanty 45 Laurenz Rex
21%
XDS Astana 176 Czechia Flag Sergio Higuita
21%
Movistar 148 Czechia Flag Einer Rubio
20%
Picnic PostNL 198 Frank van den Broeck
20%
Israel - Premier Tech 207 Czechia Flag Krists Neilands
20%
Uno-X Mobility 227 Czechia Flag Andreas Leknessund
19%
XDS Astana 173 Cees Bol
19%
XDS Astana 174 Clément Champoussin
19%
Cofidis 166 Dylan Teuns
19%
Red Bull - BORA - hansgrohe 74 Czechia Flag Gianni Moscon
19%
EF Education - EasyPost 32 Czechia Flag Vincenzo Albanese
19%
Tudor 112 Czechia Flag Alberto Dainese
18%
Red Bull - BORA - hansgrohe 75 Laurence Pithie
18%
Jayco AlUla 123 Czechia Flag Luke Durbridge
18%
Red Bull - BORA - hansgrohe 76 Mick van Dijke
18%
Groupama - FDJ 97 Paul Penhoët
18%
Arkéa - B&B Hotels 135 Czechia Flag Raúl García Pierna
18%
INEOS Grenadiers 68 Samuel Watson
18%
Movistar 142 Czechia Flag Will Barta
18%
Cofidis 162 Czechia Flag Alex Aranburu
17%
Intermarché - Wanty 46 Jonas Rutsch
17%
Lotto 217 Lennert Van Eetvelt
17%
TotalEnergies 188 Mattéo Vercher
17%
Decathlon AG2R La Mondiale 155 Oliver Naesen
17%
Soudal Quick-Step 23 Pascal Eenkhoorn
17%
Soudal Quick-Step 27 Bert Van Lerberghe
16%
XDS Astana 172 Czechia Flag Davide Ballerini
16%
Intermarché - Wanty 44 Hugo Page
16%
Movistar 143 Czechia Flag Pablo Castrillo
16%
Groupama - FDJ 96 Quentin Pacher
16%
Alpecin - Deceuninck 107 Gianni Vermeersch
15%
Bahrain - Victorious 53 Czechia Flag Kamil Gradek
15%
TotalEnergies 182 Mathieu Burgaudeau
15%
XDS Astana 177 Mike Teunissen
15%
Israel - Premier Tech 208 Jake Stewart
14%
Decathlon AG2R La Mondiale 157 Czechia Flag Callum Scotson
13%
Groupama - FDJ 98 Clément Russo
13%
Arkéa - B&B Hotels 133 Ewen Costiou
13%
Israel - Premier Tech 204  czechia= Guillaume Boivin
13%
Israel - Premier Tech 203 Joseph Blackmore
13%
Intermarché - Wanty 47 Roel van Sintmaartensdijk
13%
XDS Astana 178 Czechia Flag Simone Velasco
13%
Picnic PostNL 195 Czechia Flag Tobias Lund Andresen
13%
Alpecin - Deceuninck 104 Xandro Meurisse
13%
Movistar 145 Czechia Flag Iván García Cortina
12%
Cofidis 165 Alexis Renard
11%
Decathlon AG2R La Mondiale 153 Clément Berthet
11%
Jayco AlUla 127 Elmar Reinders
11%
TotalEnergies 185 Emilien Jeannière
11%
Uno-X Mobility 224 Czechia Flag Stian Fredheim
11%
Arkéa - B&B Hotels 132 Amaury Capiot
10%
Alpecin - Deceuninck 108 Emiel Verstrynghe
10%
Lotto 212 Jenno Berckmoes
10%
Tudor 116 Marius Mayrhofer
10%
Picnic PostNL 196 Niklas Märkl
10%
Lotto 214 Czechia Flag Jarrad Drizners
9%
Lotto 213 Jasper De Buyst
9%
Bahrain - Victorious 57 Czechia Flag Robert Stannard
9%
Decathlon AG2R La Mondiale 158 Bastien Tronchon
8%
Groupama - FDJ 93 Cyril Barthe
8%
Israel - Premier Tech 205 Matis Louvel
8%
TotalEnergies 184 Thomas Gachignard
8%
TotalEnergies 183 Alexandre Delettre
7%
Tudor 115 Czechia Flag Fabian Lienhard
7%
Arkéa - B&B Hotels 136 Mathis Le Berre
7%
Lotto 215 Sébastien Grignard
7%
Picnic PostNL 197 Tim Naberman
7%
Intermarché - Wanty 43 Vito Braet
7%
Arkéa - B&B Hotels 138 Clément Venturini
6%
Cofidis 168 Damien Touzé
6%
Uno-X Mobility 225 Czechia Flag Markus Hoelgaard
6%
Picnic PostNL 194 Sean Flynn
5%
No matching quizzes found
Score Distribution
Percent of People with Each Score
Percentile by Number Answered
Your Score History
You have not taken this quiz